000 00462nam a2200145 a 4500
001 000036068
005 20240307174645.0
008 111125s2005 dr a r 000 0 spa d
040 _aDO-SdBNP
_bspa
_cBNPHU
082 _axxxx
_bC357b
245 0 0 _aCatálogo bibliográfico dominicano 2005 /
_cedición Orlando Inoa.
260 _aSanto Domingo :
_bSecretaría de Estado de Cultura,
_c2005.
300 _a119 p. :
_bil. ;
_c14 cm.
700 1 _aInoa, Orlando
_eed.
_95784
999 _c35559
_d35559